000
00307nam a22001337a 4500
008
181106b xxu||||| |||| 00| 0 eng d
020
_a
9780070510425
041
_a
eng
080
_2
3 TH
_a
621
100
_a
28
101
_a
ENG
245
_a
Technical Analysis Explained
_c
Pring.M.J
942
_2
udc
_c
BK
999
_c
52045
_d
52045